Indice bibliográfico de la colección documental del Fraile / (Record no. 65321)
[ view plain ]
| 000 -LEADER | |
|---|---|
| campo de control de longitud fija | 00769nam a2200205 i 4500 |
| 001 - NÚMERO DE CONTROL | |
| campo de control | 65321 |
| 003 - IDENTIFICADOR DE NÚMERO DE CONTROL | |
| campo de control | ES-MaACL |
| 005 - FECHA Y HORA DE LA ÚLTIMA TRANSACCIÓN | |
| campo de control | 20251014000541.0 |
| 007 - CAMPO FIJO DE DESCRIPCIÓN FÍSICA--INFORMACIÓN GENERAL | |
| campo de control de longitud fija | t| |
| 008 - DATOS DE LONGITUD FIJA--INFORMACIÓN GENERAL | |
| campo de control de longitud fija | 040112s1983 sp ||||1| spa d |
| 100 1# - ENTRADA PRINCIPAL--NOMBRE DE PERSONA | |
| Nombre de persona | Freire López, Ana |
| 9 (RLIN) | 148961 |
| 245 10 - MENCIÓN DEL TÍTULO | |
| Título | Indice bibliográfico de la colección documental del Fraile / |
| Mención de responsabilidad, etc. | Ana María Freire López. |
| 260 ## - PUBLICACIÓN, DISTRIBUCIÓN, ETC. | |
| Lugar de publicación, distribución, etc. | [Madrid] : |
| Nombre del editor, distribuidor, etc. | Servicio Histórico Militar, |
| Fecha de publicación, distribución, etc. | [1983] |
| 300 ## - DESCRIPCIÓN FÍSICA | |
| Extensión | LVI, 449 p. ; |
| Dimensiones | 27 cm. |
| 504 ## - NOTA DE BIBLIOGRAFÍA, ETC. | |
| Nota de bibliografía, etc. | Bibliografía: p. 445-448. |
| 600 17 - PUNTO DE ACCESO ADICIONAL DE MATERIA--NOMBRE DE PERSONA | |
| Nombre de persona | Salvador Joaquín de Sevilla, |
| Títulos y otros términos asociados al nombre | Fray, |
| Fechas asociadas al nombre | 1766-1830- |
| Subdivisión general | Biblioteca- |
| Subdivisión de forma | Catálogos |
| Fuente del encabezamiento o término | |
| 9 (RLIN) | 157992 |
| 610 24 - PUNTO DE ACCESO ADICIONAL DE MATERIA--NOMBRE DE ENTIDAD CORPORATIVA | |
| Nombre de entidad corporativa o nombre de jurisdicción como elemento de entrada | Instituto de Historia y Cultura Militar. |
| Unidad subordinada | Biblioteca- |
| Subdivisión de forma | Catálogos. |
| 9 (RLIN) | 157993 |
| 852 ## - LOCALIZACIÓN | |
| Ubicación | ES-MaACL |
| Número de control de estantería | L-5332 |
| Sublocalización o colección | R.105756 |
| Estatus retirado | Estado de pérdida | Estado de daño | No para préstamo | Biblioteca de origen | Biblioteca actual | Ubicación en estantería | Fecha de adquisición | Fuente de adquisición | Total de préstamos | Signatura topográfica completa | Código de barras | Visto por última vez | Precio de reemplazo | Tipo de ítem Koha |
|---|---|---|---|---|---|---|---|---|---|---|---|---|---|---|
| Biblioteca del Ateneo de Madrid | Biblioteca del Ateneo de Madrid | Depósito 2 | 17/01/2008 | L-5332 | 1068436 | 23/02/2023 | 23/02/2023 | Libro impreso |
